|
|
|
|
| LEADER |
01592cas a2200241 a 4500 |
| 001 |
AALejournalIMF001113 |
| 008 |
230101c9999 xx r poo 0 0eng d |
| 020 |
|
|
|c 5.00 USD
|
| 020 |
|
|
|z 9781451822427
|
| 022 |
|
|
|a 1934-7685
|
| 040 |
|
|
|a BD-DhAAL
|c BD-DhAAL
|
| 110 |
2 |
|
|a International Monetary Fund.
|
| 245 |
1 |
0 |
|a Lao People's Democratic Republic :
|b Recent Economic Developments.
|
| 264 |
|
1 |
|a Washington, D.C. :
|b International Monetary Fund,
|c 2000.
|
| 300 |
|
|
|a 1 online resource (73 pages)
|
| 490 |
1 |
|
|a IMF Staff Country Reports
|
| 500 |
|
|
|a <strong>Off-Campus Access:</strong> No User ID or Password Required
|
| 500 |
|
|
|a <strong>On-Campus Access:</strong> No User ID or Password Required
|
| 506 |
|
|
|a Electronic access restricted to authorized BRAC University faculty, staff and students
|
| 520 |
3 |
|
|a This report discusses major developments in the Lao People's Democratic Republic (PDR), and updates the statistical tables on recent economic developments and provides an overview of the real sector. Factors that have limited revenue collections and developments in the monetary and financial sectors have been presented. The paper discusses the weakness of monetary policy as well as the financial sector and recent efforts to reform the banking system. Foreign direct investment and foreign exchange regime in Lao PDR have been examined.
|
| 538 |
|
|
|a Mode of access: Internet
|
| 830 |
|
0 |
|a IMF Staff Country Reports; Country Report ;
|v No. 2000/003
|
| 856 |
4 |
0 |
|z Full text available on IMF
|u http://elibrary.imf.org/view/journals/002/2000/003/002.2000.issue-003-en.xml
|z IMF e-Library
|